000
002530000a22000970004500
100
1
_a
Howard, David M.
245
1
0
_a
Looking for young leaders
300
_a
Vol. 77, Num 2 (Abril-Junio, 1997), Página 3
773
0
_t
Latin America Evangelist
942
_c
ANA
999
_c
55058
_d
55058